New development strategies : Beyond the Washington consensus

This edited volume examines the flaws in the Washington Consensus. The missing link identified is the relationship between market and government. The East Asian Miracle showed that the market and government are complementary, particularly with regard to economic development. However, the nature of t...

Ausführliche Beschreibung

Gespeichert in:
Bibliographische Detailangaben
1. Verfasser: Kohsaka, Akira
Format: Buch
Sprache:Undetermined
Veröffentlicht: New York, N.Y. Palgrave Macmillan 2004
Schlagworte:
Tags: Tag hinzufügen
Keine Tags, Fügen Sie den ersten Tag hinzu!
Thư viện lưu trữ: Trung tâm Học liệu Trường Đại học Cần Thơ
LEADER 01401nam a2200229Ia 4500
001 CTU_116372
008 210402s9999 xx 000 0 und d
020 |c 1203000 
082 |a 338.9 
082 |b K79 
100 |a Kohsaka, Akira 
245 0 |a New development strategies : 
245 0 |b Beyond the Washington consensus 
245 0 |c Edited by Akira Kohsaka 
260 |a New York, N.Y. 
260 |b Palgrave Macmillan 
260 |c 2004 
520 |a This edited volume examines the flaws in the Washington Consensus. The missing link identified is the relationship between market and government. The East Asian Miracle showed that the market and government are complementary, particularly with regard to economic development. However, the nature of this relationship has not been fully clarified. This book assesses development strategies and policy issues in the context of individual and/or regional economy's history and political-economic reality. The relationship may be conditional to these two factors. With these perceptions in mind, the book focuses on the role and significance of government in economic development in pursuit for new development strategies. 
650 |a Economic development,Globalization,Developing countries 
650 |x Political aspects,Economic aspects,Economic policy 
904 |i Hiếu 
980 |a Trung tâm Học liệu Trường Đại học Cần Thơ